000 00639nam a2200277Ia 4500
005 20260324134732.0
008 008 260324s9999 xx 000 0 eng d
020 _a9781315148816
037 _aEBOOK
040 _aCRL
040 _beng
040 _cCRL
041 _2eng
041 _aeng
084 _qCRL
100 _aLizzy Marks; Deirdre Rainbow
_91197950
245 0 _aWorking with Dysphagia
260 _bTaylor and Francis
260 _c2001
365 _a
365 _b215
856 _uhttp://www.taylorfrancis.com/books/9781315148816
942 _cEBOOK
999 _c1798336
_d1798336